Countries With More than 10M People Empty Map - Statistics

General Stats
  • This quiz has been taken 64 times
    50 since last reset
  • The average score is 84 of 95
Answers on the Map
Answers color-coded by a green-red scale on the quiz's map according to % correct below.
 
Answer Stats
Country % Correct
Canada
100%
China
100%
India
100%
Mexico
100%
Russia
100%
United States
100%
Argentina
98%
Brazil
98%
Colombia
98%
Dem. Rep. of the Congo
98%
Egypt
98%
France
98%
Germany
98%
Indonesia
98%
Japan
98%
Kazakhstan
98%
Niger
98%
Nigeria
98%
Pakistan
98%
Peru
98%
South Africa
98%
Sweden
98%
Algeria
95%
Australia
95%
Bangladesh
95%
Chile
95%
Poland
95%
South Korea
95%
Spain
95%
Turkey
95%
United Kingdom
95%
Kenya
93%
Myanmar
93%
Nepal
93%
Thailand
93%
Ukraine
93%
Venezuela
93%
Vietnam
93%
Afghanistan
90%
Cambodia
90%
Iran
90%
Italy
90%
Malaysia
90%
North Korea
90%
Romania
90%
Senegal
90%
Sudan
90%
Syria
90%
Uganda
90%
Bolivia
88%
Chad
88%
Ghana
88%
Greece
88%
Iraq
88%
Morocco
88%
Philippines
88%
Portugal
88%
Saudi Arabia
88%
Tanzania
88%
Uzbekistan
88%
Zimbabwe
88%
Angola
85%
Cameroon
85%
Czech Republic
85%
Ethiopia
85%
Hungary
85%
Mali
85%
Netherlands
85%
Sri Lanka
85%
Yemen
85%
Zambia
85%
Cuba
83%
Ecuador
83%
Guatemala
83%
Haiti
83%
South Sudan
83%
Taiwan
83%
Tunisia
83%
Mozambique
80%
Belgium
78%
Benin
78%
Dominican Republic
78%
Honduras
78%
Rwanda
78%
Somalia
78%
Tajikistan
78%
Burundi
76%
Guinea
76%
Ivory Coast
76%
Madagascar
76%
Malawi
76%
Azerbaijan
73%
Burkina Faso
73%
Jordan
73%
Papua New Guinea
68%
No matching quizzes found
Score Distribution
Percent of People with Each Score
Percentile by Number Answered
Your Score History
You have not taken this quiz since the last reset